000 00502nam a22001817a 4500
008 170330b xxu||||| |||| 00| p tur d
020 _a9750809386
041 _atur
050 _aPL248.C345
100 _a Cansever, Edip
_9361
245 _aSonrası Kalır I Bütün Şiirleri
250 _a1. Baskı
260 _aİstanbul
_bYapı Kredi Yayınları
_cNisan 2005
300 _a664 sayfa
500 _aYapı Kredi Yayınları 2189; Şiir 194
650 0 _9145
_aTürk Edebiyatı
942 _2lcc
_cBK
999 _c1079
_d1057